Using the Definite Article with Proper Nouns in English bakalárska práca

Uložené v:
Podrobná bibliografia
Hlavný autor: Mužíková, Sylvia
Korporativný autor: Fakulta aplikovaných jazykov EU v Bratislave. Katedra jazykovedy a translatológie
Ďalší autori: Breveníková, Daniela
Médium: Kniha
Jazyk:English
Vydavateľské údaje: Bratislava 2018
Tagy: Pridať tag
Žiadne tagy, Buďte prvý, kto otaguje tento záznam!

MARC

LEADER 00000nbm a2200000 4500
001 0243980
005 20181011092830.3
041 0 |a eng 
044 |a SK 
245 1 0 |a Using the Definite Article with Proper Nouns in English  |b bakalárska práca  |c Sylvia Mužíková ; školiteľ: Daniela Breveníková 
264 1 |a Bratislava  |c 2018 
300 |a 40 s. 
100 1 |a Mužíková, Sylvia 
700 1 |a Breveníková, Daniela 
710 2 |a Fakulta aplikovaných jazykov EU v Bratislave. Katedra jazykovedy a translatológie